LEADER 01128nam0 22003133i 450 001 RMS2720345 005 20231121125811.0 010 $a201000535X 100 $a20170313f19921993||||0itac50 ba 101 | $afre$alat 102 $afr 181 1$6z01$ai $bxxxe 182 1$6z01$an 200 1 $aDictionnaire latin français$fF. Gaffiot 205 $a[Ristampa anastatica] 210 $a[S. l.]$c[s. n.]$d[1992?]$eBorgotaro T.se$gCanale 215 $a1719 p.$d25 cm 300 $aRiproduzione dell'edizione: Paris : Hachette, 1934. 606 $aLingua latina$xDizionari francesi$2FIR$3RMLC213528$9I 676 $a473.41$9LATINO CLASSICO. DIZIONARI in francese$v21 700 1$aGaffiot$b, Felix$3TO0V037949$0408282 801 3$aIT$bIT-01$c20170313 850 $aIT-FR0017 899 $aBiblioteca umanistica Giorgio Aprea$bFR0017 $eN 912 $aRMS2720345 950 0$aBiblioteca umanistica Giorgio Aprea$d 52S.L. 473.41 DLF.Gaf.$e 52FLS0000032055 VMB RS $fC $h20170313$i20170313 977 $a 52 996 $aDictionnaire latin français$93635430 997 $aUNICAS LEADER 00954nam 2200253la 450 001 9910482353603321 005 20221102161358.0 035 $a(UK-CbPIL)2090362462 035 $a(CKB)5500000000091637 035 $a(EXLCZ)995500000000091637 100 $a20221102d1516 uy | 101 0 $alat 135 $aurcn||||a|bb| 200 10$aDefensorium seu Correctorium ... in Corruptorium librorum ... Thomae Aquinatis ... a quodam emulo depravatorum / [Giles] 210 $aVenice $cHeirs of O. Scotus$d1516 215 $aOnline resource (50[55], [1] bl. leaves , (fol.)) 300 $aReproduction of original in The Wellcome Library, London. 700 $aGiles$cof Rome,$fapproximately 1243-1316.$0201777 801 0$bUk-CbPIL 801 1$bUk-CbPIL 906 $aBOOK 912 $a9910482353603321 996 $aDefensorium seu Correctorium ... in Corruptorium librorum ... Thomae Aquinatis ... a quodam emulo depravatorum$94540987 997 $aUNINA